000 00261nam a22001217a 4500
008 170601b xxu||||| |||| 00| 0 eng d
041 _aeng
080 _a94(3)
100 _a17
101 _aSHH
245 _aANCIENT HISTORY
_cROBINSON, CH.A
942 _2udc
_cBK
999 _c15391
_d15391